000 01318nam a22002537a 4500
005 20240305165506.0
007 cr|||| ||||
008 180421s2018 mx |||||s|||| 00||0 spa d
020 _a978-607-541-021-0
035 _a21459
040 _avLex
090 _c7806
_d7806
100 1 _aLuna Guerra, Antonio
245 1 0 _aEstudio práctico del régimen fiscal del autotransporte federal y local 2018
_h[Recurso electrónico] /
_cAntonio Luna Guerra
256 _aServicio en línea
260 _aCiudad de México:
_bEdiciones Fiscales ISEF,
_c2018
300 _a1 recurso electrónico
500 _aEste libro, ESTUDIO PRÁCTICO DEL RÉGIMEN FISCAL DEL AUTOTRANSPORTE FEDERAL Y LOCAL, da tratamiento fiscal a ambos sectores para el ejercicio 2018, tanto en la Ley del ISR como en la del IVA.
506 1 _aDisponible solo en los productos indicados
_dvLex Global
_dvLex Global (Academic Edition, excluding Law Schools)
_dvLex Global (U.S. Academic Edition, Law Schools)
_dvLex Global (U.S. Academic Edition, excluding Law Schools)
_dvLex Global (Academic Edition, Law Schools)
650 0 4 _aDerecho Fiscal
_zMéxico
740 0 _avLex Libros (Servicio en línea)
856 4 0 _uhttps://app.vlex.com/#/sources/estudio-practico-del-regimen-fiscal-del-autotransporte-federal-y-local-2018-21459
942 _cRAA
999 _c166043
_d166043